[Event "AUTO-INT-781"]
[Site "http://www.queenalice.com/game.php?id=349081"]
[Date "2008.2.5"]
[Round "1"]
[White "vult0"]
[Black "Miquel_Anguis"]
[Result "0-1"]
[WhiteElo "1628"]
[BlackElo "1683"]

1. e4 g6 2. d4 Bg7 3. e5 d6 4. exd6 Qxd6 5. Be3 Qb4+ 6. c3 Qxb2 7. Nd2 Qxc3 8.
Rc1 Qa5 9. Bc4 Nf6 10. Nf3 Nc6 11. O-O O-O 12. Bb3 Bg4 13. Qe1 Rad8 14. Ne5 Nxd4
15. Bxd4 Rxd4 16. Nxf7 Rxf7 17. Qxe7 Nd5 18. Bxd5 Qxd5 19. Qe1 Rxd2 20. Qe3 Rxa2
21. f3 Bd4 0-1

[Event "AUTO-INT-781"]
[Site "http://www.queenalice.com/game.php?id=349082"]
[Date "2008.2.5"]
[Round "1"]
[White "Miquel_Anguis"]
[Black "vult0"]
[Result "1-0"]
[WhiteElo "1644"]
[BlackElo "1681"]

1. e4 e5 2. Bc4 Nf6 3. d4 exd4 4. Nf3 Bc5 5. O-O d5 6. exd5 Bg4 7. Re1+ Be7 8.
Bg5 O-O 9. c3 dxc3 10. Nxc3 a6 11. Qe2 Re8 12. Bxf6 Bxf6 13. Qxe8+ 1-0

[Event "AUTO-INT-781"]
[Site "http://www.queenalice.com/game.php?id=349095"]
[Date "2008.2.5"]
[Round "1"]
[White "JhonDie"]
[Black "Miquel_Anguis"]
[Result "0-1"]
[WhiteElo "1661"]
[BlackElo "1661"]

1. b3 e5 2. e4 Nc6 3. c3 Nf6 4. Qf3 d5 5. Bb5 dxe4 6. Bxc6+ bxc6 7. Qe2 Qd3 8.
Qxd3 exd3 9. f3 Bc5 10. Ba3 Bxa3 11. Nxa3 Be6 12. b4 a6 13. Nb1 O-O 14. a4 Nd5
15. Na3 Nf4 16. Kf2 Rfd8 17. Re1 f6 18. g3 Ng6 19. Kg2 Bb3 20. a5 Rab8 21. Rb1
Be6 22. Nh3 Re8 23. Rhe1 Red8 24. Rh1 Rb7 25. Rhe1 Rd5 26. Nf2 c5 27. b5 c4 28.
Kg1 axb5 0-1

[Event "AUTO-INT-781"]
[Site "http://www.queenalice.com/game.php?id=349096"]
[Date "2008.2.5"]
[Round "1"]
[White "Miquel_Anguis"]
[Black "JhonDie"]
[Result "1/2-1/2"]
[WhiteElo "1697"]
[BlackElo "1745"]

1. e4 e6 2. d4 d5 3. Nd2 Bb4 4. c3 Be7 5. e5 b6 6. Bd3 Nh6 7. Qc2 Nf5 8. Ngf3
O-O 9. O-O Bd7 10. Re1 c5 11. b3 Nc6 12. g4 c4 13. bxc4 Nh6 14. h3 g6 15. Nb3
Kg7 16. Qd2 Ng8 17. g5 Kh8 18. h4 a6 19. Qf4 dxc4 20. Bxc4 Qc7 21. Bd2 Ba3 22.
Nh2 Nce7 23. Bd3 Bb2 24. Be4 Bc6 25. Bxc6 Qxc6 26. Rab1 Nd5 27. Qf3 Bxc3 28.
Rbc1 Rac8 29. Bxc3 Nxc3 30. Qxc6 Rxc6 31. Rc2 Ne7 32. Rec1 1/2-1/2

[Event "AUTO-INT-781"]
[Site "http://www.queenalice.com/game.php?id=349103"]
[Date "2008.2.5"]
[Round "1"]
[White "magdaandreia"]
[Black "Miquel_Anguis"]
[Result "0-1"]
[WhiteElo "1385"]
[BlackElo "1699"]

1. Nc3 d5 2. g3 e5 3. Bg2 Nf6 4. e4 d4 5. Na4 Bd7 6. Nc5 Bxc5 7. Nf3 Qe7 8. Qe2
Nc6 9. O-O Nb4 10. d3 Ba4 11. b3 Bb5 12. a3 Na6 13. a4 Bd7 14. Ng5 O-O 15. Bd2
Bb4 16. Rfd1 Bg4 17. f3 Bd7 0-1

[Event "AUTO-INT-781"]
[Site "http://www.queenalice.com/game.php?id=349104"]
[Date "2008.2.5"]
[Round "1"]
[White "Miquel_Anguis"]
[Black "magdaandreia"]
[Result "1-0"]
[WhiteElo "1677"]
[BlackElo "1427"]

1. e4 e5 2. f4 Bc5 3. Nf3 exf4 4. d4 Bd6 5. e5 Bb4+ 6. c3 Be7 7. Bxf4 c6 8. Bd3
Nh6 9. Qd2 Ng4 10. Bg5 f6 11. exf6 gxf6 12. Bh6 Nxh6 13. Qxh6 Bf8 14. Bg6+ Ke7
15. Qe3+ Kd6 16. Ng5 fxg5 17. Qe5# 1-0

[Event "Challenge"]
[Site "http://www.queenalice.com/game.php?id=349135"]
[Date "2008.2.6"]
[Round "-"]
[White "Miquel_Anguis"]
[Black "REUSKING"]
[Result "1-0"]
[WhiteElo "1614"]
[BlackElo "1973"]

1. e4 e5 2. Bc4 Nf6 3. d4 exd4 4. Nf3 Nxe4 5. Qxd4 Nf6 6. Bg5 Be7 7. Nc3 c6 8.
O-O d5 9. Bd3 O-O 10. Rfe1 Be6 11. Qh4 g6 12. Ne5 Nbd7 13. Nxd7 Bxd7 14. Rxe7
Qxe7 15. Bxf6 Qd6 16. Be7 1-0

[Event "Challenge"]
[Site "http://www.queenalice.com/game.php?id=353608"]
[Date "2008.2.13"]
[Round "-"]
[White "REUSKING"]
[Black "Miquel_Anguis"]
[Result "1/2-1/2"]
[WhiteElo "1970"]
[BlackElo "1702"]

1. e4 g6 2. d4 Bg7 3. Nf3 c6 4. c3 d5 5. Bd3 Bg4 6. h3 Bxf3 7. Qxf3 dxe4 8. Bxe4
Nf6 9. O-O Nxe4 10. Qxe4 Nd7 11. Bf4 Nf6 12. Qf3 O-O 13. Nd2 Qd5 14. Rfe1 Qxf3
15. Nxf3 Nd5 16. Bd2 Rfe8 17. Re2 e6 18. Rae1 Re7 19. Ne5 Rae8 20. Nd3 f6 21.
Nf4 e5 22. Nxd5 cxd5 23. dxe5 Rxe5 24. Kf1 Kf7 25. Bf4 Rxe2 26. Rxe2 Rxe2 27.
Kxe2 f5 28. Kd3 Ke6 29. Be3 b6 30. f4 h5 31. h4 Bf8 32. Bd4 Bc5 33. g3 Kd6 34.
b4 Bxd4 35. Kxd4 b5 36. a3 a6 37. Ke3 Kc6 1/2-1/2

[Event "Una partidita doble..."]
[Site "http://www.queenalice.com/game.php?id=388602"]
[Date "2008.4.16"]
[Round "-"]
[White "Miquel_Anguis"]
[Black "JhonDie"]
[Result "1-0"]
[WhiteElo "1734"]
[BlackElo "1840"]

1. d4 d5 2. Nf3 c5 3. dxc5 Qa5+ 4. Nc3 Nf6 5. Be3 e6 6. Nd2 Bxc5 7. Nb3 Qc7 8.
Bxc5 Nbd7 9. Ba3 a6 10. e3 b5 11. Be2 Qb6 12. Qd4 Rb8 13. Qb4 Ne5 14. Qe7# 1-0

[Event "AUTO-INT-781"]
[Site "http://www.queenalice.com/game.php?id=417215"]
[Date "2008.6.14"]
[Round "2"]
[White "mariolusena"]
[Black "Miquel_Anguis"]
[Result "1-0"]
[WhiteElo "2266"]
[BlackElo "1746"]

1. e4 d5 2. exd5 Nf6 3. Bb5+ Bd7 4. Bc4 Bf5 5. Nc3 Nbd7 6. Nf3 Nb6 7. d3 Nxc4 8.
dxc4 e6 9. O-O Bb4 10. Nd4 Bg4 11. f3 Bf5 12. Nxf5 1-0

[Event "AUTO-INT-781"]
[Site "http://www.queenalice.com/game.php?id=417216"]
[Date "2008.6.14"]
[Round "2"]
[White "Miquel_Anguis"]
[Black "mariolusena"]
[Result "0-1"]
[WhiteElo "1744"]
[BlackElo "2267"]

1. d4 d5 2. Nf3 Nf6 3. e3 g6 4. Bd3 Nc6 5. c3 Bf5 6. O-O Bh6 7. Bxf5 gxf5 8. Qb3
b6 9. Qb5 Qd7 10. Nbd2 Rg8 11. c4 O-O-O 0-1

[Event "Fischer 43/08"]
[Site "http://www.queenalice.com/game.php?id=418651"]
[Date "2008.6.16"]
[Round "2"]
[White "JimMorrisson"]
[Black "Miquel_Anguis"]
[Result "1-0"]
[WhiteElo "2158"]
[BlackElo "1784"]

1. e4 d5 2. exd5 Nf6 3. d4 Bg4 4. f3 Bf5 5. c4 e6 6. Nc3 exd5 7. g4 Bg6 8. g5
Nfd7 9. Nxd5 Nc6 10. Qe2+ Be7 11. Be3 1-0

[Event "Desafio a muerte :-)"]
[Site "http://www.queenalice.com/game.php?id=990601"]
[Date "2011.9.27"]
[Round "-"]
[White "Miquel_Anguis"]
[Black "REUSKING"]
[Result "0-1"]
[WhiteElo "1742"]
[BlackElo "1887"]

1. e4 e5 2. d4 exd4 3. Nf3 Nc6 4. Nxd4 Bc5 5. Nb3 Bb6 6. Bb5 Nge7 7. Nc3 O-O 8.
O-O d6 9. Kh1 a6 10. Ba4 Ba7 11. Bxc6 Nxc6 12. Nd5 Be6 13. c3 Bxd5 14. exd5 Ne5
15. Be3 Bxe3 16. fxe3 Qg5 17. Qe2 Rae8 18. Rae1 Ng4 19. e4 f5 20. Qc4 Ne3 21.
Rxe3 Qxe3 0-1

[Event "DESAFIO A MUERTE, PARTE 2"]
[Site "http://www.queenalice.com/game.php?id=993759"]
[Date "2011.10.6"]
[Round "-"]
[White "REUSKING"]
[Black "Miquel_Anguis"]
[Result "1-0"]
[WhiteElo "1904"]
[BlackElo "1732"]

1. e4 d5 2. exd5 Nf6 3. d4 Nxd5 4. c4 Nb6 5. Nc3 e5 6. Be3 exd4 7. Qxd4 Qxd4 8.
Bxd4 Nc6 9. Nf3 Nxd4 10. Nxd4 c6 11. O-O-O Be7 12. Bd3 O-O 13. Rhe1 Bf6 14. Bf1
Rd8 15. Nf3 Bf5 16. Ne4 Rxd1+ 17. Kxd1 Bxb2 18. Bd3 Rd8 19. Kc2 Bxe4 20. Rxe4
Bf6 21. Ne5 g6 22. Ng4 Bg7 23. Ne3 Kf8 24. c5 Nd5 25. Nxd5 Rxd5 26. Rc4 Bd4 27.
Rb4 Rxc5+ 28. Kd1 b5 29. Rxd4 Rd5 30. Rxd5 cxd5 31. Bxb5 Ke7 32. Kd2 Kd6 33. Kd3
Kc5 34. Be8 f5 35. f4 a5 36. h4 Kb4 37. Bf7 Kc5 38. Bg8 h6 39. Bf7 Kd6 40. Bxg6
Ke6 41. h5 1-0